|
|
|
|
| LEADER |
02178cam a2200373 i 4500 |
| 001 |
37338 |
| 003 |
BD-DhAAL |
| 005 |
20211114153310.0 |
| 008 |
280121r20182000nyua b 001 0 eng d |
| 999 |
|
|
|c 43173
|d 43173
|
| 010 |
|
|
|a 2017302572
|
| 020 |
|
|
|a 9780134460093
|
| 020 |
|
|
|a 013446009X
|
| 040 |
|
|
|a DLC
|b eng
|e rda
|c DLC
|d BD-DhAAL
|
| 042 |
|
|
|a pcc
|
| 050 |
0 |
0 |
|a TK7874.65
|b .W34 2018
|
| 082 |
0 |
0 |
|a 621.395
|2 23
|
| 100 |
1 |
|
|a Wakerly, John F.,
|e author.
|9 40825
|
| 245 |
1 |
0 |
|a Digital design :
|b principles and practices /
|c John F. Wakerly.
|
| 250 |
|
|
|a Fifth edition with Verilog.
|
| 260 |
|
|
|a New York, NY :
|b Pearson Education, Inc.,
|c c2018
|
| 300 |
|
|
|a xxii, 890 pages :
|b illustrations ;
|c 25 cm.
|
| 504 |
|
|
|a Includes bibliographical references and index.
|
| 526 |
|
|
|a CSE
|
| 541 |
|
|
|a Karim International
|e 37338, 37339, 37340, 37341, 37342
|
| 650 |
|
0 |
|a Digital integrated circuits
|x Design and construction.
|9 40826
|
| 650 |
|
0 |
|a Computer science
|9 42611
|
| 852 |
|
|
|a Ayesha Abed Library
|c General Stacks
|
| 942 |
|
|
|2 ddc
|c BK
|
| 952 |
|
|
|0 0
|1 0
|2 ddc
|4 0
|6 621_395000000000000_WAK
|7 0
|9 69116
|a BRACUL
|b BRACUL
|c GEN
|d 2020-11-29
|e Karim International
|g 23600.00
|l 3
|m 23
|o 621.395 WAK
|p 3010037341
|r 2026-01-18
|s 2025-09-22
|t 4
|v 23600.00
|w 2020-11-29
|y BK
|x Received During Pandemic
|
| 952 |
|
|
|0 0
|1 0
|2 ddc
|4 0
|6 621_395000000000000_WAK
|7 0
|9 69117
|a BRACUL
|b BRACUL
|c GEN
|d 2020-11-29
|e Karim International
|g 23600.00
|l 1
|m 16
|o 621.395 WAK
|p 3010037340
|r 2022-09-21
|s 2022-06-12
|t 3
|v 23600.00
|w 2020-11-29
|y BK
|
| 952 |
|
|
|0 0
|1 0
|2 ddc
|4 0
|6 621_395000000000000_WAK
|7 0
|9 69118
|a BRACUL
|b BRACUL
|c GEN
|d 2020-11-29
|e Karim International
|g 23600.00
|l 1
|m 11
|o 621.395 WAK
|p 3010037339
|r 2022-05-23
|s 2022-03-01
|t 2
|v 23600.00
|w 2020-11-29
|y BK
|x Received During Pandemic
|
| 952 |
|
|
|0 0
|1 0
|2 ddc
|4 0
|6 621_395000000000000_WAK
|7 0
|9 69119
|a BRACUL
|b BRACUL
|c GEN
|d 2020-11-29
|e Karim International
|g 23600.00
|l 1
|m 13
|o 621.395 WAK
|p 3010037342
|r 2022-12-31
|s 2022-09-24
|t 5
|v 23600.00
|w 2020-11-29
|y BK
|
| 952 |
|
|
|0 0
|1 0
|2 ddc
|4 0
|6 621_395000000000000_WAK
|7 0
|9 69120
|a BRACUL
|b BRACUL
|c GEN
|d 2020-11-29
|e Karim International
|g 23600.00
|l 2
|m 23
|o 621.395 WAK
|p 3010037338
|r 2025-11-03
|s 2025-04-15
|t 1
|v 23600.00
|w 2020-11-29
|y BK
|x Received During Pandemic
|